Pommersche Weihnachtsbräuche

Titel: Pommersche Weihnachtsbräuche : eine Darstellung aus vergangener Zeit - als Pommerland noch nicht 'abgebrannt' war / Walther Borchers
Verfasser:
In: Pommern, Band 15, Heft 4 (1977), Seite 34-35
alle Artikel anzeigen
Veröffentlicht: 1977
Umfang: Illustrationen
Format: Aufsatz
Sprache: Deutsch
Schlagworte:
Kein Bild verfügbar
X
alg: 43276772
001A    $03025:15-06-18 
001B    $01999:15-06-18 $t22:37:22.000 
001C    $03025:15-06-18 $t10:07:38.000 
001D    $03025:15-06-18 
001U    $0utf8 
001X    $00 
002@    $0Aou 
002C    $aText $btxt $2rdacontent 
002D    $aohne Hilfsmittel zu benutzen $bn $2rdamedia 
002E    $aBand $bnc $2rdacarrier 
003@    $043276772X 
007A    $043276772X $aHEB 
010@    $ager 
010E    $erda 
011@    $a1977 
021A    $aPommersche Weihnachtsbräuche $deine Darstellung aus vergangener Zeit - als Pommerland noch nicht 'abgebrannt' war $hWalther Borchers 
028A    $BVerfasser $4aut $7 $8Borchers, Walther [Tnu] $9432767428 
031A    $d15 $e4 $h34-35 $j1977 
034M    $aIllustrationen 
039B    $aEnthalten in $8--Abvc--. Pommern. - Greifswald : Pommersche Stiftung für historische Bildung, 1967-. - ISSN 0032-4167 $x197700000150004966 $9048244473 
044K    $RMecklenburg-Vorpommern $#Pommern $#Pommern $#Herzogtum Pommern $#Herzogthum Pommern $#Provinz Pommern $#Pomorze $74046744-2 $8Pommern [Tg1] $9085130354 
044K    $RKirchenfest $RKirchenjahr $#Christmas $#Noël $#Natale $#Navidad $#Weihnacht $#Weihnachtsfest $#Christfest $#Christmas $74065075-3 $8Weihnachten [Ts1] $9085182532 
044K    $RSitte $RVolkskultur $#Manners and customs $#Moeurs et coutumes $#Brauchtum $#Brauchtum $#Volksbrauch $#Bräuche $#Volksbrauchtum $#Volksbräuche $74008017-1 $8Brauch [Ts1] $9085013595 
045T    $a7,41 $a8,1 

lok: 43276772 78

exp: 43276772 78 1 #EPN
201B/01 $015-06-18 $t10:04:56.000 
201C/01 $015-06-18 
201U/01 $0utf8 
203@/01 $01023602075 
208@/01 $a15-06-18 $be 
209A/01 $a/ $f000 $x00 
209A/01 $ab*p $x01 
220C/01 $awma 
244Z/01 $#Pommern $#Pommern $#Herzogtum Pommern $#Herzogthum Pommern $#Provinz Pommern $#Pomorze $74046744-2 $8--Tg1--Pommern $x06 $9085130354 
247C/01 $82080>Marburg/Lahn, Herder-Institut, Forschungsbibliothek, Bibliographieportal $9336309341
LEADER 00000caa a2200000 c 4500
001 43276772X
003 DE-603
005 20180615223722.0
007 tu
008 180615s1977 xx |||| | u00||u|ger c
035 |a (DE-599)HEB43276772X 
040 |a DE-603  |b ger  |c DE-603  |d DE-603  |e rda 
041 |a ger 
084 |a 7,41  |a 8,1  |2 ssgn 
100 1 |a Borchers, Walther  |e Verfasser  |4 aut  |0 (DE-603)432767428 
245 0 0 |a Pommersche Weihnachtsbräuche  |b eine Darstellung aus vergangener Zeit - als Pommerland noch nicht 'abgebrannt' war  |c Walther Borchers 
264 0 |c 1977 
300 |b Illustrationen 
336 |a Text  |b txt  |2 rdacontent 
337 |a ohne Hilfsmittel zu benutzen  |b n  |2 rdamedia 
338 |a Band  |b nc  |2 rdacarrier 
650 7 |a Weihnachten  |0 (DE-588)4065075-3  |0 (DE-603)085182532  |2 gnd 
650 7 |a Brauch  |0 (DE-588)4008017-1  |0 (DE-603)085013595  |2 gnd 
651 7 |a Pommern  |0 (DE-588)4046744-2  |0 (DE-603)085130354  |2 gnd 
773 0 8 |i Enthalten in  |t Pommern  |d Greifswald : Pommersche Stiftung für historische Bildung, 1967-  |h 30 cm  |x 0032-4167  |g Band 15, Heft 4 (1977), Seite 34-35  |w (DE-603)048244473  |w (DE-600)958645-3 
924 0 |9 2080  |a (DE-603)1023602075  |b DE-2080  |c HES  |d d  |g /